[Event "ChInt Open"]
[Site "Paris "]
[Date "2008.06.28"]
[Round "1"]
[White "Quezada, Yuniesky"]
[Black "Salaun, Yann"]
[Result "1-0"]
[WhiteElo "2567"]
[BlackElo "2319"]
[PlyCount "23"]
[EventDate "2008.06.28"]
[EventType "swiss"]
[EventRounds "9"]
[EventCountry "FRA"]
[SourceDate "2008.07.08"]

1. e4 e5 2. Nf3 Nc6 3. Bb5 a6 4. Ba4 Nf6 5. O-O Nxe4 6. d4 Be7 7. Re1 f5 8.
dxe5 Nc5 9. c4 Nxa4 10. Qxa4 Nb4 11. Qb3 O-O 12. c5+ 1-0

[Event "ChInt Open"]
[Site "Paris "]
[Date "2008.06.28"]
[Round "1"]
[White "Rabeyrin, Jean Jacques"]
[Black "Guliyev, Namig"]
[Result "1/2-1/2"]
[WhiteElo "2303"]
[BlackElo "2542"]
[PlyCount "149"]
[EventDate "2008.06.28"]
[EventType "swiss"]
[EventRounds "9"]
[EventCountry "FRA"]
[SourceDate "2008.07.08"]

1. e4 c5 2. Nf3 e6 3. d4 cxd4 4. Nxd4 Nf6 5. Nc3 d6 6. Be2 a6 7. a4 Be7 8. O-O
Nc6 9. Be3 O-O 10. f4 Qc7 11. Kh1 Re8 12. Bf3 Na5 13. Qd3 e5 14. Nde2 Be6 15.
Nd5 Bxd5 16. exd5 e4 17. Bxe4 Nxe4 18. Qxe4 Bf6 19. Qd3 Bxb2 20. Rab1 Nc4 21.
Bd4 Bxd4 22. Nxd4 Ne3 23. Rf3 Nxd5 24. Nf5 Ne7 25. Nxd6 Red8 26. Rd1 g6 27. Qd2
Nf5 28. Rd3 Rxd6 29. Rxd6 Nxd6 30. Qxd6 Qxc2 31. a5 Qc3 32. Qb6 Re8 33. h3 Re6
34. Qxb7 Re1+ 35. Rxe1 Qxe1+ 36. Kh2 Qxa5 37. Qb8+ Kg7 38. Qb2+ Kf8 39. Qh8+
Ke7 40. Qxh7 Qe1 41. Qh8 a5 42. Qb8 Qa1 43. f5 gxf5 44. Qc7+ Ke6 45. Qc8+ Ke5
46. Qc7+ Ke4 47. Qc6+ Kf4 48. Qc4+ Kg5 49. Qxf7 Qe5+ 50. g3 a4 51. Qg8+ Kh6 52.
Qf8+ Qg7 53. Qxf5 Qb2+ 54. Kh1 a3 55. Qe6+ Kg7 56. Qe7+ Kg6 57. Qe6+ Qf6 58.
Qg4+ Kh6 59. Qc4 Qa1+ 60. Kg2 Qb2+ 61. Kg1 Qb6+ 62. Kg2 Qb7+ 63. Kh2 Qb1 64.
Kg2 Qb2+ 65. Kg1 Kg7 66. Qc7+ Kg6 67. Qd6+ Kf5 68. Qd5+ Kf6 69. Qd6+ Kg7 70.
Qe7+ Kg6 71. Qd6+ Kh7 72. Qe7+ Kg8 73. Qe8+ Kg7 74. Qe7+ Kg6 75. Qd7 1/2-1/2

[Event "ChInt Open"]
[Site "Paris "]
[Date "2008.06.28"]
[Round "1"]
[White "Romanov, Evgeny"]
[Black "Spielmann, Alain"]
[Result "1-0"]
[WhiteElo "2547"]
[BlackElo "2308"]
[PlyCount "87"]
[EventDate "2008.06.28"]
[EventType "swiss"]
[EventRounds "9"]
[EventCountry "FRA"]
[SourceDate "2008.07.08"]

1. Nf3 Nf6 2. c4 g6 3. Nc3 Bg7 4. e4 d6 5. d4 O-O 6. h3 e5 7. d5 Na6 8. Bg5 h6
9. Be3 Nc5 10. Nd2 a5 11. Be2 Kh8 12. g4 c6 13. h4 cxd5 14. cxd5 b5 15. g5 Nh5
16. Bxc5 dxc5 17. Bxh5 gxh5 18. Nxb5 Bg4 19. f3 Bd7 20. Nc3 Rb8 21. Nc4 Rb4 22.
Qe2 hxg5 23. a3 Rb3 24. hxg5 Qxg5 25. Qd2 Qg3+ 26. Qf2 Qg5 27. Qh4 Qxh4+ 28.
Rxh4 f5 29. Rxh5+ Kg8 30. Rh2 fxe4 31. fxe4 a4 32. O-O-O Be8 33. Rg1 Rb7 34.
Nd6 Rd7 35. Nf5 Rf6 36. Rhg2 Rff7 37. Nh6+ Kf8 38. Nxf7 Rxf7 39. Kc2 Bh6 40.
Rg8+ Ke7 41. d6+ Kd7 42. Nxa4 Rf2+ 43. Kb1 Bf7 44. R8g6 1-0

[Event "ChInt Open"]
[Site "Paris "]
[Date "2008.06.28"]
[Round "1"]
[White "Shchekachev, Andrei"]
[Black "Sohier, Julien"]
[Result "1/2-1/2"]
[WhiteElo "2520"]
[BlackElo "2270"]
[PlyCount "40"]
[EventDate "2008.06.28"]
[EventType "swiss"]
[EventRounds "9"]
[EventCountry "FRA"]
[SourceDate "2008.07.08"]

1. Nf3 d5 2. d4 Nf6 3. c4 dxc4 4. Qa4+ Nc6 5. Nc3 Nd5 6. Qxc4 Nb6 7. Qd3 e5 8.
Be3 exd4 9. Nxd4 Nxd4 10. Qxd4 Qxd4 11. Bxd4 Be6 12. e4 O-O-O 13. O-O-O f6 14.
Be2 Bb4 15. a3 Be7 16. Kc2 Kb8 17. f4 Nc4 18. Bf2 c6 19. g4 Bf7 20. e5 fxe5
1/2-1/2

[Event "ChInt Open"]
[Site "Paris "]
[Date "2008.06.28"]
[Round "1"]
[White "Pile, Richard"]
[Black "David, Alberto"]
[Result "0-1"]
[WhiteElo "2318"]
[BlackElo "2562"]
[PlyCount "106"]
[EventDate "2008.06.28"]
[EventType "swiss"]
[EventRounds "9"]
[EventCountry "FRA"]
[SourceDate "2008.07.08"]

1. Nf3 Nf6 2. c4 g6 3. Nc3 Bg7 4. g3 O-O 5. Bg2 d5 6. cxd5 Nxd5 7. O-O c5 8.
Nxd5 Qxd5 9. d3 Nc6 10. Be3 Bd7 11. Nd4 Qd6 12. Nxc6 Bxc6 13. Bxc6 Qxc6 14. Rc1
Qe6 15. Bxc5 Bxb2 16. Rb1 Bg7 17. d4 Qd7 18. e3 b6 19. Ba3 Rfd8 20. Qb3 h5 21.
Rfc1 e5 22. dxe5 Bxe5 23. Rc4 Qf5 24. e4 Qg4 25. Bb2 Bxb2 26. Rxb2 h4 27. f3
Qd7 28. gxh4 Rac8 29. Kg2 Rxc4 30. Qxc4 Qe7 31. Qc1 Qxh4 32. Rc2 Qf6 33. Rc8
Rxc8 34. Qxc8+ Kg7 35. Qa6 Qg5+ 36. Kf2 Qc5+ 37. Kg2 Qc2+ 38. Kg3 Qc7+ 39. Kg2
Kf6 40. h4 Kg7 41. Kh3 Kh6 42. a3 Qf4 43. Kg2 Qd2+ 44. Kg3 Qd6+ 45. Kh3 Qd7+
46. Kg3 Kh5 47. a4 Qc7+ 48. Kh3 Qf4 49. Qxa7 Qxf3+ 50. Kh2 Qf2+ 51. Kh1 Kxh4
52. Qe7+ Kh3 53. Qd7+ Kg3 0-1

[Event "ChInt Open"]
[Site "Paris "]
[Date "2008.06.28"]
[Round "1"]
[White "Fayard, Alain"]
[Black "Lalic, Bogdan"]
[Result "1/2-1/2"]
[WhiteElo "2269"]
[BlackElo "2514"]
[PlyCount "34"]
[EventDate "2008.06.28"]
[EventType "swiss"]
[EventRounds "9"]
[EventCountry "FRA"]
[SourceDate "2008.07.08"]

1. d4 e6 2. c4 Bb4+ 3. Bd2 a5 4. Nf3 Nf6 5. g3 d5 6. Bxb4 axb4 7. Nbd2 O-O 8.
Bg2 Qe7 9. O-O c5 10. cxd5 exd5 11. dxc5 Qxc5 12. Nb3 Qe7 13. Nbd4 Nc6 14. Qc2
Bd7 15. Rfd1 Rac8 16. Qd2 Ne4 17. Qe1 Na5 1/2-1/2

[Event "ChInt Open"]
[Site "Paris "]
[Date "2008.06.29"]
[Round "2"]
[White "Payen, Arnaud"]
[Black "Fayard, Alain"]
[Result "1/2-1/2"]
[WhiteElo "2372"]
[BlackElo "2269"]
[PlyCount "59"]
[EventDate "2008.06.28"]
[EventType "swiss"]
[EventRounds "9"]
[EventCountry "FRA"]
[SourceDate "2008.07.08"]

1. d4 Nf6 2. Nf3 e6 3. e3 b6 4. Bd3 Bb7 5. O-O Be7 6. c4 O-O 7. Nc3 d5 8. cxd5
exd5 9. Ne5 c5 10. Qf3 Nc6 11. Nxc6 Bxc6 12. dxc5 bxc5 13. Rd1 Qc8 14. e4 dxe4
15. Nxe4 Nxe4 16. Bxe4 Bxe4 17. Qxe4 Bf6 18. Qc2 Rb8 19. Rb1 Qe6 20. Bf4 Rbd8
21. b3 Bd4 22. Re1 Qf6 23. Be3 Rfe8 24. Bxd4 cxd4 25. Qd3 g6 26. g3 Qd6 27.
Red1 Re7 28. Rbc1 Rc7 29. Rxc7 Qxc7 30. h4 1/2-1/2

[Event "ChInt Open"]
[Site "Paris "]
[Date "2008.06.29"]
[Round "2"]
[White "Grover, Sahaj"]
[Black "Shchekachev, Andrei"]
[Result "1/2-1/2"]
[WhiteElo "2300"]
[BlackElo "2520"]
[PlyCount "105"]
[EventDate "2008.06.28"]
[EventType "swiss"]
[EventRounds "9"]
[EventCountry "FRA"]
[SourceDate "2008.07.08"]

1. e4 c5 2. Nf3 e6 3. d4 cxd4 4. Nxd4 a6 5. Bd3 Bc5 6. Nb3 Be7 7. O-O d6 8. Nc3
Nf6 9. f4 Nc6 10. Qf3 O-O 11. Bd2 Nb4 12. Rae1 Bd7 13. e5 Nxd3 14. cxd3 Nd5 15.
Nxd5 exd5 16. Ba5 Qb8 17. Bb4 a5 18. Ba3 b5 19. Bxd6 Bxd6 20. exd6 Qxd6 21. Re5
a4 22. Nd4 Qb4 23. Qf2 a3 24. bxa3 Qxa3 25. Rxd5 Bc8 26. Rxb5 Qxd3 27. Re5 Qc4
28. Re2 Ra4 29. Rd2 h6 30. Nb3 Qc7 31. f5 Rg4 32. Rc1 Qb8 33. Rd4 Rg5 34. Rc5
Bb7 35. g3 Ba8 36. Qf4 Qb7 37. Rcd5 Qa7 38. Ra5 Qb7 39. Rad5 Qa7 40. Ra5 Qb7
41. Rdd5 g6 42. Rab5 Qa7+ 43. Rd4 Qxa2 44. Nd2 gxf5 45. Rb8 Qa7 46. Rxf8+ Kxf8
47. Qe3 Kg7 48. Kf2 Rg6 49. Rf4 Qxe3+ 50. Kxe3 Re6+ 51. Kf2 Kg6 52. Nf3 Be4 53.
Nd4 1/2-1/2

[Event "ChInt Open"]
[Site "Paris "]
[Date "2008.06.29"]
[Round "2"]
[White "Bernard, Christophe"]
[Black "Romanov, Evgeny"]
[Result "0-1"]
[WhiteElo "2361"]
[BlackElo "2547"]
[PlyCount "72"]
[EventDate "2008.06.28"]
[EventType "swiss"]
[EventRounds "9"]
[EventCountry "FRA"]
[SourceDate "2008.07.08"]

1. Nf3 Nf6 2. c4 b6 3. g3 Bb7 4. Bg2 c5 5. Nc3 g6 6. O-O Bg7 7. d4 cxd4 8. Qxd4
d6 9. Qh4 h6 10. Rd1 Nbd7 11. Be3 Rc8 12. Rac1 g5 13. Qd4 O-O 14. Qd3 Bxf3 15.
exf3 Ne5 16. Qe2 Nxc4 17. Bd4 e6 18. Nb5 Qd7 19. Nxa7 Qxa7 20. Rxc4 Qxa2 21.
Rdc1 Rxc4 22. Qxc4 Qxc4 23. Rxc4 Nd7 24. Bxg7 Kxg7 25. Rc6 d5 26. Rd6 Rd8 27.
Bf1 Kf6 28. Bb5 Ke7 29. Rc6 Ne5 30. Rxb6 d4 31. f4 Nf3+ 32. Kg2 g4 33. Be2 d3
34. Bd1 Ra8 35. Rb7+ Ke8 36. Rb4 Ra1 0-1

[Event "ChInt Open"]
[Site "Paris "]
[Date "2008.06.29"]
[Round "2"]
[White "Jablonski, Noham"]
[Black "Moradiabadi, Elshan"]
[Result "1/2-1/2"]
[WhiteElo "2260"]
[BlackElo "2499"]
[PlyCount "82"]
[EventDate "2008.06.28"]
[EventType "swiss"]
[EventRounds "9"]
[EventCountry "FRA"]
[SourceDate "2008.07.08"]

1. e4 c5 2. Nf3 e6 3. d4 cxd4 4. Nxd4 a6 5. Bd3 Nf6 6. O-O Qc7 7. Qe2 d6 8. c4
g6 9. b3 Bg7 10. Bb2 Nbd7 11. Nc3 O-O 12. Rac1 b6 13. Rfd1 Bb7 14. Bb1 Rad8 15.
b4 Rfe8 16. Na4 Qb8 17. f3 Ba8 18. Nb3 Bc6 19. Nc3 Ne5 20. b5 axb5 21. Nxb5 d5
22. cxd5 Bxb5 23. Qxb5 exd5 24. exd5 Neg4 25. d6 Ne3 26. Rd2 Re6 27. Ba3 Bh6
28. Nd4 Rexd6 29. Bxd6 Qxd6 30. Nb3 Ned5 31. Rc6 Bxd2 32. Rxd6 Be3+ 33. Kh1
Rxd6 34. g3 h5 35. Kg2 Bh6 36. a4 h4 37. a5 bxa5 38. Qxa5 Ne3+ 39. Kf2 hxg3+
40. hxg3 Rd1 41. Be4 Rh1 1/2-1/2

[Event "ChInt Open"]
[Site "Paris "]
[Date "2008.06.29"]
[Round "2"]
[White "Sochacki, Wojtek"]
[Black "Almeida Quintana, Omar"]
[Result "1/2-1/2"]
[WhiteElo "2245"]
[BlackElo "2527"]
[PlyCount "66"]
[EventDate "2008.06.28"]
[EventType "swiss"]
[EventRounds "9"]
[EventCountry "FRA"]
[SourceDate "2008.07.08"]

1. e4 c5 2. Nf3 Nc6 3. d4 cxd4 4. Nxd4 Nf6 5. Nc3 d6 6. Bg5 e6 7. Qd2 a6 8.
O-O-O Bd7 9. f4 Be7 10. Nf3 b5 11. Bd3 Qa5 12. Kb1 b4 13. Ne2 Qc5 14. Rhe1 h6
15. Bh4 O-O 16. Ng3 Rfd8 17. f5 e5 18. Bxf6 Bxf6 19. Nh5 Kh7 20. Nxf6+ gxf6 21.
Re3 Ne7 22. Ng1 Bc6 23. Ne2 d5 24. exd5 Bxd5 25. Ng3 Rd6 26. Qe2 Rad8 27. Re1
Rg8 28. Be4 Qa5 29. Bxd5 Nxd5 30. Rb3 Nf4 31. Qc4 Qd8 32. a3 bxa3 33. Rxa3 Kg7
1/2-1/2

[Event "ChInt Open"]
[Site "Paris "]
[Date "2008.06.29"]
[Round "2"]
[White "Onkoud, Abdelaziz"]
[Black "Carpentier, Pierre"]
[Result "0-1"]
[WhiteElo "2396"]
[BlackElo "2213"]
[PlyCount "56"]
[EventDate "2008.06.28"]
[EventType "swiss"]
[EventRounds "9"]
[EventCountry "FRA"]
[SourceDate "2008.07.08"]

1. d4 Nf6 2. c4 g6 3. Nc3 Bg7 4. e4 d6 5. f3 O-O 6. Nge2 Nbd7 7. Bg5 c5 8. d5
Ne5 9. Nc1 h6 10. Be3 e6 11. Qd2 exd5 12. cxd5 Re8 13. Be2 h5 14. Bg5 Qb6 15.
O-O Nh7 16. Be3 f5 17. Nb3 Nf6 18. h3 Qb4 19. Nb5 Qxd2 20. Nxd2 Rd8 21. Nxd6
Rxd6 22. Bxc5 Rd8 23. Be7 Re8 24. Bxf6 Bxf6 25. f4 Nf7 26. e5 Nxe5 27. fxe5
Bxe5 28. Bb5 Rd8 0-1

[Event "ChInt Open"]
[Site "Paris "]
[Date "2008.06.29"]
[Round "2"]
[White "Pham Minh Hoang"]
[Black "Bergez, Luc"]
[Result "0-1"]
[WhiteElo "2479"]
[BlackElo "2367"]
[PlyCount "60"]
[EventDate "2008.06.28"]
[EventType "swiss"]
[EventRounds "9"]
[EventCountry "FRA"]
[SourceDate "2008.07.08"]

1. e4 c5 2. Nf3 Nc6 3. d4 cxd4 4. Nxd4 e5 5. Nb5 a6 6. Nd6+ Bxd6 7. Qxd6 Qf6 8.
Qd3 Qg6 9. Be3 Nf6 10. Nd2 d5 11. Bc5 dxe4 12. Qe3 Be6 13. Bc4 Qxg2 14. O-O-O
Qh3 15. Bxe6 Qxe6 16. b3 O-O-O 17. Nc4 Nd4 18. Kb2 Qc6 19. Ba7 b5 20. Nxe5
Qxc2+ 21. Ka1 Qxd1+ 22. Rxd1 Nc2+ 23. Kb2 Nxe3 24. Rc1+ Kb7 25. Bxe3 Rd5 26.
Nxf7 Rf8 27. Ng5 Ng4 28. Ne6 Rc8 29. Nc5+ Rcxc5 30. Bxc5 Ne5 0-1

[Event "ChInt Open"]
[Site "Paris "]
[Date "2008.06.29"]
[Round "2"]
[White "Roser, Kevin"]
[Black "Calistri, Tristan"]
[Result "1-0"]
[WhiteElo "2409"]
[BlackElo "2352"]
[PlyCount "65"]
[EventDate "2008.06.28"]
[EventType "swiss"]
[EventRounds "9"]
[EventCountry "FRA"]
[SourceDate "2008.07.08"]

1. e4 e5 2. Nf3 Nc6 3. Bb5 a6 4. Ba4 Nf6 5. O-O b5 6. Bb3 Bc5 7. a4 Rb8 8. c3
d6 9. d4 Bb6 10. Na3 O-O 11. axb5 axb5 12. Nxb5 Bg4 13. Bc2 Bxf3 14. gxf3 Nh5
15. f4 Qh4 16. fxe5 dxe5 17. d5 Ne7 18. Qf3 Ng6 19. c4 Ngf4 20. Be3 Bxe3 21.
fxe3 Nh3+ 22. Kh1 Ng5 23. Qf2 Qh3 24. Qg2 Qh4 25. Rf5 h6 26. Rxe5 f5 27. Rxf5
Rxf5 28. exf5 Qxc4 29. Nd4 Rxb2 30. h4 Nf4 31. exf4 Qxd4 32. hxg5 Qxf4 33. Qe4
1-0

[Event "ChInt Open"]
[Site "Paris "]
[Date "2008.06.29"]
[Round "2"]
[White "Guliyev, Namig"]
[Black "Carlhammar, Magnus"]
[Result "1/2-1/2"]
[WhiteElo "2542"]
[BlackElo "2324"]
[PlyCount "170"]
[EventDate "2008.06.28"]
[EventType "swiss"]
[EventRounds "9"]
[EventCountry "FRA"]
[SourceDate "2008.07.08"]

1. e4 e5 2. Nf3 Nc6 3. Bb5 a6 4. Ba4 Nf6 5. O-O Be7 6. Re1 b5 7. Bb3 d6 8. c3
O-O 9. h3 Na5 10. Bc2 c5 11. d4 Qc7 12. d5 Nb7 13. Nbd2 Nd8 14. Nf1 Ne8 15. a4
Rb8 16. g4 f6 17. Ng3 g6 18. axb5 axb5 19. Kh2 Nf7 20. Be3 Ng7 21. b4 Bd7 22.
Qd2 Ra8 23. Rec1 c4 24. Qd1 Qb7 25. Ne1 Rxa1 26. Rxa1 Ra8 27. Ng2 Rxa1 28. Qxa1
Bc8 29. Qa7 Qxa7 30. Bxa7 Ng5 31. Ne1 Ne8 32. Be3 Nf7 33. Kg2 Bf8 34. Kf3 Ng5+
35. Kg2 Nf7 36. f3 Bh6 37. Bxh6 Nxh6 38. Kf2 Kf8 39. Ng2 Nf7 40. Ne3 Ke7 41. h4
Ng7 42. Ngf1 Bd7 43. Nd2 Ne8 44. Kg3 Ng7 45. f4 exf4+ 46. Kxf4 h5 47. g5 fxg5+
48. hxg5 h4 49. Bd1 Ne5 50. Be2 Kf7 51. Ndf1 Nh5+ 52. Bxh5 Nd3+ 53. Kf3 gxh5
54. Nf5 Kg6 55. Nxd6 Kxg5 56. Nb7 Ne5+ 57. Ke3 Bh3 58. Nh2 Bg2 59. Nc5 h3 60.
d6 Kf6 61. Kd4 Nc6+ 62. Kd5 Nd8 63. Kd4 Nc6+ 64. Ke3 Ne5 65. Kf4 Ng6+ 66. Kg3
Ne5 67. Kf4 Ng6+ 68. Ke3 Ne5 69. Ke2 Nf7 70. Ke3 Nxd6 71. Kf4 Nf7 72. Na6 Ne5
73. Nc7 Nd3+ 74. Ke3 Ne5 75. Kf4 Ng4 76. Kg3 Nxh2 77. Kxh2 Ke5 78. Nxb5 Kxe4
79. Kg3 Kd3 80. Kh2 Bc6 81. Na7 Bg2 82. Nb5 h4 83. Nd6 Kxc3 84. b5 Kb4 85. Nxc4
Kxc4 1/2-1/2

[Event "ChInt Open"]
[Site "Paris "]
[Date "2008.06.29"]
[Round "2"]
[White "Lalic, Bogdan"]
[Black "Romieux, Sebastien"]
[Result "1/2-1/2"]
[WhiteElo "2514"]
[BlackElo "2240"]
[PlyCount "33"]
[EventDate "2008.06.28"]
[EventType "swiss"]
[EventRounds "9"]
[EventCountry "FRA"]
[SourceDate "2008.07.08"]

1. Nf3 e6 2. c4 Nf6 3. Nc3 Bb4 4. g4 c5 5. g5 Nh5 6. a3 Bxc3 7. dxc3 Qc7 8. e4
b6 9. Be3 Bb7 10. Nd2 g6 11. Qg4 Nc6 12. f4 f5 13. gxf6 Nxf6 14. Qh4 Rf8 15.
Bd3 O-O-O 16. O-O-O d5 17. cxd5 1/2-1/2

[Event "ChInt Open"]
[Site "Paris "]
[Date "2008.06.29"]
[Round "2"]
[White "Debray, Christopher"]
[Black "Quezada, Yuniesky"]
[Result "0-1"]
[WhiteElo "2381"]
[BlackElo "2567"]
[PlyCount "92"]
[EventDate "2008.06.28"]
[EventType "swiss"]
[EventRounds "9"]
[EventCountry "FRA"]
[SourceDate "2008.07.08"]

1. e4 c5 2. c4 Nc6 3. Nc3 g6 4. g3 Bg7 5. Bg2 d6 6. Nge2 h5 7. h3 h4 8. g4 e5
9. d3 Be6 10. Rb1 Qd7 11. a3 f5 12. exf5 gxf5 13. gxf5 Bxf5 14. b4 Nge7 15. Bg5
Rb8 16. bxc5 dxc5 17. Ne4 b6 18. N2c3 Be6 19. Nf6+ Bxf6 20. Bxf6 Rg8 21. Be4
Bf5 22. Qh5+ Bg6 23. Bxg6+ Rxg6 24. Bxe7 Qxd3 25. Rc1 Nd4 26. f3 Kxe7 27. Qxh4+
Ke6 28. Qe4 Nxf3+ 29. Kf2 Qd4+ 30. Qxd4 Nxd4 31. Rcf1 Rbg8 32. Ne4 Rg2+ 33. Ke3
Nf5+ 34. Kd3 Rd8+ 35. Kc3 Rd4 36. Re1 Ng3 37. Nxg3 Rxg3+ 38. Kb2 Rxc4 39. h4
Rf4 40. Re2 Ra4 41. h5 Rgxa3 42. h6 Ra2+ 43. Kc3 R4a3+ 44. Kc4 Rxe2 45. h7 Re4+
46. Kb5 Kd7 0-1

[Event "ChInt Open"]
[Site "Paris "]
[Date "2008.06.30"]
[Round "3"]
[White "Guliyev, Namig"]
[Black "Roos, Louis"]
[Result "0-1"]
[WhiteElo "2542"]
[BlackElo "2357"]
[PlyCount "98"]
[EventDate "2008.06.28"]
[EventType "swiss"]
[EventRounds "9"]
[EventCountry "FRA"]
[SourceDate "2008.07.08"]

1. e4 e6 2. d4 d5 3. Nc3 dxe4 4. Nxe4 Nd7 5. Nf3 Ngf6 6. Nxf6+ Nxf6 7. c3 Be7
8. Bd3 O-O 9. Qe2 b6 10. Bg5 Bb7 11. O-O-O Qd5 12. Kb1 Qa5 13. Ne5 Rad8 14. h4
c5 15. Nc4 Qa4 16. Bc2 Qa6 17. Bd3 b5 18. Ne5 cxd4 19. Bxb5 Qb6 20. c4 h6 21.
Ka1 a6 22. Ba4 d3 23. Rxd3 Rxd3 24. Nxd3 Qa5 25. Bxf6 Bxf6 26. Bb3 Bxg2 27. Rg1
Bc6 28. Nf4 Rb8 29. Nh5 Bd4 30. Rg4 Rxb3 31. Rxd4 Bf3 32. Qd2 Qxd2 33. Rxd2 Rb4
34. Ng3 Rxc4 35. b3 Rxh4 36. Kb2 Rf4 37. Kc3 Bd5 38. Nf1 h5 39. Ne3 h4 40. Nxd5
exd5 41. Rxd5 Rxf2 42. a4 h3 43. Rh5 h2 44. b4 g6 45. Rh4 Kg7 46. b5 axb5 47.
axb5 Rf5 48. Rxh2 Rxb5 49. Kd4 Rf5 0-1

[Event "ChInt Open"]
[Site "Paris "]
[Date "2008.06.30"]
[Round "3"]
[White "Fayard, Alain"]
[Black "Pira, Davoud"]
[Result "0-1"]
[WhiteElo "2269"]
[BlackElo "2408"]
[PlyCount "78"]
[EventDate "2008.06.28"]
[EventType "swiss"]
[EventRounds "9"]
[EventCountry "FRA"]
[SourceDate "2008.07.08"]

1. d4 Nf6 2. c4 c5 3. Nf3 cxd4 4. Nxd4 b6 5. Nc3 Bb7 6. f3 g6 7. e4 d6 8. Be3
Bg7 9. Be2 O-O 10. O-O Nbd7 11. Qd2 Rc8 12. Rac1 Re8 13. Rfd1 a6 14. Bf1 e6 15.
Nc2 Bf8 16. Kh1 Qc7 17. Qf2 h6 18. Qh4 g5 19. Qf2 Be7 20. h4 Kg7 21. Bd4 Rg8
22. Kg1 Kf8 23. hxg5 Rxg5 24. Be3 Rg6 25. Qd2 Ne5 26. Be2 Kg7 27. Qd4 Ned7 28.
Qd2 Rg8 29. Ne1 Kh7 30. b3 Ne8 31. Bd3 Ne5 32. Bb1 Bh4 33. Kf1 Bxe1 34. Rxe1
Nf6 35. Na4 Nh5 36. Bxb6 Qe7 37. Qe3 Rxg2 38. Rc2 Rxc2 39. Bxc2 Qh4 0-1

[Event "ChInt Open"]
[Site "Paris "]
[Date "2008.06.30"]
[Round "3"]
[White "Carlhammar, Magnus"]
[Black "Pham Minh Hoang"]
[Result "1-0"]
[WhiteElo "2324"]
[BlackElo "2479"]
[PlyCount "85"]
[EventDate "2008.06.28"]
[EventType "swiss"]
[EventRounds "9"]
[EventCountry "FRA"]
[SourceDate "2008.07.08"]

1. Nf3 Nf6 2. c4 c5 3. g3 b6 4. Bg2 Bb7 5. O-O e6 6. Nc3 Be7 7. Re1 O-O 8. e4
d6 9. d4 Nbd7 10. e5 Ne8 11. d5 dxe5 12. dxe6 fxe6 13. Ng5 Bxg2 14. Nxe6 Bf3
15. Nxd8 Bxd1 16. Nc6 Bf3 17. Nxe7+ Kf7 18. Nf5 Ke6 19. Nh4 Nd6 20. Nxf3 Rxf3
21. Ne4 Nxe4 22. Rxe4 Nf6 23. Re2 Rd8 24. Bd2 Rd4 25. Bc3 Re4 26. Rae1 Kf5 27.
Kg2 Rd3 28. f3 Rxc4 29. Rxe5+ Kg6 30. h4 b5 31. g4 Rd7 32. Re7 Rxe7 33. Rxe7 b4
34. h5+ Kh6 35. Bd2+ g5 36. Re6 Rc2 37. Rxf6+ Kg7 38. Rd6 c4 39. Kg3 Rxb2 40.
Bxg5 Rxa2 41. Rd7+ Kg8 42. h6 b3 43. Rg7+ 1-0

[Event "ChInt Open"]
[Site "Paris "]
[Date "2008.06.30"]
[Round "3"]
[White "Fedorchuk, Sergey A"]
[Black "Bernard, Christophe"]
[Result "1-0"]
[WhiteElo "2671"]
[BlackElo "2361"]
[PlyCount "53"]
[EventDate "2008.06.28"]
[EventType "swiss"]
[EventRounds "9"]
[EventCountry "FRA"]
[SourceDate "2008.07.08"]

1. e4 c5 2. Nf3 d6 3. d4 cxd4 4. Nxd4 Nf6 5. Nc3 Nc6 6. Bg5 e6 7. Qd2 a6 8.
O-O-O Be7 9. f3 O-O 10. h4 Bd7 11. Kb1 b5 12. Nxc6 Bxc6 13. Ne2 Rc8 14. Nd4 Bb7
15. g4 d5 16. e5 Nd7 17. Qh2 Re8 18. Bxe7 Qxe7 19. g5 Nb6 20. h5 Nc4 21. g6
fxg6 22. hxg6 h6 23. Bh3 Qd7 24. f4 Rc7 25. f5 exf5 26. Bxf5 Qe7 27. Be6+ 1-0

[Event "ChInt Open"]
[Site "Paris "]
[Date "2008.06.30"]
[Round "3"]
[White "Moradiabadi, Elshan"]
[Black "Sochacki, Wojtek"]
[Result "1-0"]
[WhiteElo "2499"]
[BlackElo "2245"]
[PlyCount "39"]
[EventDate "2008.06.28"]
[EventType "swiss"]
[EventRounds "9"]
[EventCountry "FRA"]
[SourceDate "2008.07.08"]

1. d4 Nf6 2. Nf3 e6 3. Bg5 c5 4. c3 Be7 5. Nbd2 Nc6 6. Bxf6 gxf6 7. e3 b6 8. d5
Ne5 9. Nxe5 fxe5 10. Qh5 d6 11. Bc4 O-O 12. dxe6 Bxe6 13. Bxe6 fxe6 14. Qg4+
Kf7 15. O-O Rg8 16. Qh3 Rg6 17. Qxh7+ Rg7 18. Qh5+ Kg8 19. Qh3 Qd7 20. f4 1-0

[Event "ChInt Open"]
[Site "Paris "]
[Date "2008.06.30"]
[Round "3"]
[White "Guilleux, Fabien"]
[Black "Song, Julien"]
[Result "1-0"]
[WhiteElo "2391"]
[BlackElo "2214"]
[PlyCount "79"]
[EventDate "2008.06.28"]
[EventType "swiss"]
[EventRounds "9"]
[EventCountry "FRA"]
[SourceDate "2008.07.08"]

1. c4 e6 2. Nf3 Nf6 3. e3 d5 4. d4 Be7 5. Bd3 O-O 6. O-O c5 7. Nc3 Nc6 8. a3 b6
9. Re1 Bb7 10. cxd5 exd5 11. dxc5 bxc5 12. e4 d4 13. Na4 Nd7 14. Bf4 Kh8 15. e5
Na5 16. Nd2 Bd5 17. Rc1 Rc8 18. Qh5 g6 19. Qh6 c4 20. Be4 Be6 21. Nf3 Nb3 22.
Rcd1 d3 23. Nc3 Rc5 24. Ng5 Bxg5 25. Bxg5 Qe8 26. Bxd3 cxd3 27. Ne4 f5 28. Nf6
Qf7 29. Nxd7 Bxd7 30. e6 Bxe6 31. Rxe6 d2 32. Rf6 Qxf6 33. Bxf6+ Rxf6 34. Qe3
Rc1 35. Qe8+ Kg7 36. Qe7+ Kh6 37. Qe3+ f4 38. Qh3+ Kg5 39. Qxb3 Re6 40. Qd5+
1-0

[Event "ChInt Open"]
[Site "Paris "]
[Date "2008.06.30"]
[Round "3"]
[White "Shchekachev, Andrei"]
[Black "Spielmann, Alain"]
[Result "1-0"]
[WhiteElo "2520"]
[BlackElo "2308"]
[PlyCount "62"]
[EventDate "2008.06.28"]
[EventType "swiss"]
[EventRounds "9"]
[EventCountry "FRA"]
[SourceDate "2008.07.08"]

1. Nf3 Nf6 2. c4 d6 3. d4 Bf5 4. Nc3 g6 5. Nh4 Bd7 6. e4 e5 7. Nf3 exd4 8. Nxd4
Bg7 9. f3 O-O 10. Be3 Nc6 11. Qd2 Re8 12. Be2 Nh5 13. Nxc6 Bxc6 14. g4 Nf6 15.
O-O-O a6 16. Bh6 b5 17. Bxg7 Kxg7 18. Qd4 Kg8 19. Kb1 b4 20. Nd5 Nxd5 21. cxd5
Bb5 22. Rd2 Qh4 23. Rc1 h5 24. gxh5 Qxh5 25. Bd1 Qe5 26. Qxb4 Kg7 27. a4 Bd7
28. Rxc7 Red8 29. Rb7 Be8 30. h4 Rac8 31. Qd4 Qxd4 1-0

[Event "ChInt Open"]
[Site "Paris "]
[Date "2008.06.30"]
[Round "3"]
[White "Jablonski, Noham"]
[Black "Rozentalis, Eduardas"]
[Result "0-1"]
[WhiteElo "2260"]
[BlackElo "2582"]
[PlyCount "60"]
[EventDate "2008.06.28"]
[EventType "swiss"]
[EventRounds "9"]
[EventCountry "FRA"]
[SourceDate "2008.07.08"]

1. d4 Nf6 2. c4 e6 3. Nf3 d5 4. Nc3 Bb4 5. Bg5 h6 6. Bxf6 Qxf6 7. e3 O-O 8.
cxd5 exd5 9. Be2 c6 10. O-O Bf5 11. a3 Bd6 12. b4 Qe7 13. Bd3 Bg4 14. e4 a5 15.
e5 Bc7 16. h3 Bh5 17. g4 Bg6 18. b5 Nd7 19. Bf5 Rfd8 20. Qd3 Nf8 21. bxc6 bxc6
22. Ne2 c5 23. Nf4 c4 24. Qc2 Bh7 25. Qa4 Ne6 26. Ne2 Bxf5 27. gxf5 Ng5 28.
Nxg5 Qxg5+ 29. Ng3 h5 30. Kh2 Qf4 0-1

[Event "ChInt Open"]
[Site "Paris "]
[Date "2008.06.30"]
[Round "3"]
[White "Shoker, Samy"]
[Black "Malakhatko, Vadim"]
[Result "0-1"]
[WhiteElo "2377"]
[BlackElo "2621"]
[PlyCount "88"]
[EventDate "2008.06.28"]
[EventType "swiss"]
[EventRounds "9"]
[EventCountry "FRA"]
[SourceDate "2008.07.08"]

1. g3 d5 2. Bg2 c6 3. d3 e5 4. Nf3 Bd6 5. e4 Nf6 6. Nc3 dxe4 7. Nxe4 Nxe4 8.
dxe4 O-O 9. O-O Qe7 10. Nh4 g6 11. Qe1 Na6 12. a3 Be6 13. b3 Rfe8 14. Bb2 Rad8
15. f4 exf4 16. gxf4 Bc5+ 17. Kh1 Bd4 18. Bxd4 Rxd4 19. Nf3 Rdd8 20. Rg1 Bc8
21. e5 Bf5 22. c3 Nc5 23. Nd4 Bc8 24. Qg3 Kh8 25. b4 Ne6 26. Rad1 Ng7 27. Bf3
a5 28. Qf2 axb4 29. axb4 Be6 30. Ra1 Nf5 31. Nxf5 Bxf5 32. Rgd1 Kg7 33. Kg2 h5
34. h4 Qe6 35. Rxd8 Rxd8 36. Rd1 Ra8 37. Kg3 Ra3 38. Qc5 b6 39. Qe3 Qc4 40. Rc1
Bd7 41. Rc2 Qe6 42. Rh2 Qf5 43. Qc1 Rb3 44. Bd1 Qd3+ 0-1